000 00890nam a22002417a 4500
005 2009082205435.0
008 090821t xxu||||| |||| 00| 0 eng d
010 _aENG-94814
020 _a9788183160612
_c150.00
020 _a8183160611
_c150.00
035 _aEN-78347
037 _bDBAD / PUB
040 _adpl
_bEnglish
082 _a510.71
100 _aJames, Anice
245 _aTechniques of teaching mathematics /
_cby Anice James; foreworded by T. Venka Reddy
260 _aHyderbad
_bNeelkamal Publications
_c2009(repr.).
270 _aSultan Bazar,
_bHyderbad
_e500095
300 _axx, 307p.
_c23cm(pbk)
700 _aReddy, T. Venka
942 _2ddc
_cEN
_mJAM
_h510.71
999 _c29451
_d29451